000 01304pab a2200205 454500
008 180718b xxu||||| |||| 00| 0 eng d
100 _aAberbach, Joel D.
245 _aBureaucrats and politicisn: a report on the administrative elites project
520 _aAccording to the author this article is a review of research conducted by Joel D. Aberbach, Bert A. Rockman and their colleagues on the backgrounds, roles, responsibilities and relationships between high-level bureaucrats and politicians in several Western democracies. Bureaucrats and politicians each consider themselves policy-makers but tend to approach policy-making in characteristically different ways. Bureaucrats are the more stable and conserving elite, they tent to maintain equilibrium in the policy environment. Politicians are more rist-taking, they tend to inject energy and initiative into the policy process. Distinctions between bureaucrats and politicians are less clear in the United States, wher
650 _a Legislator
650 _a Bureaucrat Politician
650 _a Civil Service
650 _a U.S.A.
650 _a Australia
650 _aCivil Service and Legislators
700 _aBert A., Rockman
700 _aDaniel B., Mezger
773 _aAustralian Journal of Public Administration
909 _a21910
999 _c21910
_d21910